00000000nam 2200000zi 4500
0019.938542
003CaOODSP
00520250110102357
006m     o  d f      
007cr mn|||||||||
008240523e196812##onca    obs  f000 0 eng d
040 |aCaOODSP|beng|erda|cCaOODSP
043 |an-cn---
045 |ax2x6
0861 |aId40-5/1968E-PDF
24502|aA review of the toy and game industry in Canada.
264 1|aOttawa : |bChemicals Branch, Departments of Industry and Trade and Commerce, |cDecember 1968.
300 |a1 online resource (96 pages) : |billustrations
336 |atext|btxt|2rdacontent
337 |acomputer|bc|2rdamedia
338 |aonline resource|bcr|2rdacarrier
500 |aDigitized edition from print [produced by Innovation, Science and Economic Development Canada].
504 |aIncludes bibliographical references (pages 95-96).
650 0|aToy industry|zCanada.
650 0|aToy industry|zCanada|vStatistics.
650 6|aJouets|xIndustrie|zCanada.
650 6|aJouets|xIndustrie|zCanada|vStatistiques.
655 7|aStatistics|2lcgft
655 7|aStatistiques|2rvmgf
7101 |aCanada. |bDepartment of Industry, Trade and Commerce. |bChemicals Branch, |eissuing body.
85640|qPDF|s2.66 MB|uhttps://publications.gc.ca/collections/collection_2025/isde-ised/Id40-5-1968-eng.pdf